00401nam a2200157Ia 4500008004100000020001800041041000800059082001600067100001700083245003500100260003900135300002600174365001600200500001000216700001700226230718s9999 xx 000 0 und d a0-03-098970-1 aeng a621.38bSAN aSantina M.S. aDigital Control Systems Design c1994bSaunders College Publication a794dRef 199 E (5866) cRs.b395.00 a199 E aSantina M.S.